Les psychologues et le secret professionnel (notice n° 2198465)

détails MARC
000 -LEADER
fixed length control field 01649cam a2200133 4500500
005 - DATE AND TIME OF LATEST TRANSACTION
control field 20260405085543.0
041 ## - LANGUAGE CODE
Language code of text/sound track or separate title fre
042 ## - AUTHENTICATION CODE
Authentication code dc
100 10 - MAIN ENTRY--PERSONAL NAME
Personal name Bruyère, Benoît
Relator term author
245 00 - TITLE STATEMENT
Title Les psychologues et le secret professionnel
260 ## - PUBLICATION, DISTRIBUTION, ETC.
Name of publisher, distributor, etc. Armand Colin,<br/>
Date of publication, distribution, etc. 2011.<br/>
520 ## - SUMMARY, ETC.
Summary, etc. La question du secret professionnel, sans cesse posée aux psychologues, soulève des enjeux cliniques importants. Chaque psychologue doit respecter le secret professionnel en vertu de son Code de déontologie qui n’a toutefois pas de force contraignante. Il est donc indispensable d’examiner le droit qui contredit parfois ce Code de déontologie.À l’appui d’illustrations judiciaires et cliniques, l’ouvrage présente de façon précise les situations récurrentes – telles que signalement et non-dénonciation des maltraitances infligées aux mineurs, non-assistance à personne en péril – dans lesquelles le psychologue doit respecter le secret, celles dans lesquelles il peut ou il doit lever le secret, et enfin celles où la question du secret ne se pose pas.Futurs psychologues, psychologues en exercice trouveront pour la première fois rassemblées dans un seul ouvrage des perspectives juridiques, cliniques et éthiques, indispensables pour éclairer leur pratique.Benoît Bruyère, diplômé de droit et de relations internationales, ancien collaborateur d’un avocat au Conseil d’État et à la Cour de cassation, est psychologue hospitalier au Groupe Public de Santé Perray-Vaucluse.
856 41 - ELECTRONIC LOCATION AND ACCESS
Uniform Resource Identifier <a href="https://shs.cairn.info/les-psychologues-et-le-secret-professionnel--9782200255916?lang=fr&redirect-ssocas=7080">https://shs.cairn.info/les-psychologues-et-le-secret-professionnel--9782200255916?lang=fr&redirect-ssocas=7080</a>

Pas d'exemplaire disponible.

PLUDOC

PLUDOC est la plateforme unique et centralisée de gestion des bibliothèques physiques et numériques de Guinée administré par le CEDUST. Elle est la plus grande base de données de ressources documentaires pour les Étudiants, Enseignants chercheurs et Chercheurs de Guinée.

Adresse

627 919 101/664 919 101

25 boulevard du commerce
Kaloum, Conakry, Guinée

Réseaux sociaux

Powered by Netsen Group @ 2025